| 000 | 00806nam a2200253 a 4500 | ||
|---|---|---|---|
| 001 | 63441 | ||
| 003 | BD-RjUL | ||
| 005 | 20211209081210.0 | ||
| 008 | 170130s1977 us a|||| |||| 00| 0 eng d | ||
| 020 | _a0892850345 | ||
| 035 | _a(BD-RjUL)63570 | ||
| 040 |
_aBD-RjUL _beng _cBD-RjUL |
||
| 041 | _aeng | ||
| 082 |
_223 _a418.6 _bSHF 1977 |
||
| 100 |
_aSheeler, Willard D. _9188730 |
||
| 245 | 1 | 0 |
_aFoundations for reading & writing / _cWillard D. Sheeler; Susan C. Bayley, Jean N. Dale |
| 260 |
_aPortland : _bEnglish Language Services, _c1977. |
||
| 300 |
_a118 p. : _bill. ; _c26 cm. |
||
| 650 |
_a Reading (Elementary) _9181861 |
||
| 650 |
_aEnglish language _x Writing. _9188731 |
||
| 700 |
_aBayley, Susan C. , jt. auth. _9188732 |
||
| 700 |
_aDale, Jean N. , jt. auth. _9188733 |
||
| 942 |
_2ddc _cBK |
||
| 999 |
_c63441 _d63441 |
||